Vinohradnícke právo a vinohradnícke poriadky

Podrobná bibliografia
Hlavný autor: Turcsány, Juraj, 1956- (Autor)
Médium: Článok
Jazyk:slovenčina
Fyzický popis:Res. nem., lit. 18 zázn. v slo., češ., ruš., nem., maď., lat.
Predmet:

MARC

LEADER 00000nab a2200000 a 4500
001 vtls000336549
003 SK-MaSNL
005 20260426072632.0
008 230223c1988 xo 0 slo
015 |a SNBRB19rr/mm-uuuuu 
035 |a CL0336671 
035 |a urn:nbn:sk:snk-ab7i2y 
035 |a (urnnbn)urn:nbn:sk:snk:ar-005tlr 
035 |a (uuid)c2d74415-69fd-4d67-a2c6-d1a20290046a 
040 |a SNKBUCL  |b slo  |c SNKBUCL  |e AACR2 
041 0 |a slo 
044 |a xo  |c SK 
080 |a 634.8:340.15  |2 1981 
080 |a 340.15  |2 1981 
080 |a 943.92  |2 1981 
100 1 |a Turcsány, Juraj,  |d 1956-  |4 aut  |9 264637 
245 1 0 |a Vinohradnícke právo a vinohradnícke poriadky  |c Juraj Turcsany [Turcsány] 
300 |b Res. nem., lit. 18 zázn. v slo., češ., ruš., nem., maď., lat. 
650 0 7 |a vinohradníctvo  |2 snkbucl  |9 1657 
650 0 7 |a právo vinohradnícke  |2 snkbucl  |9 923439 
651 7 |a Slovensko  |2 snkbucl  |9 14231 
655 7 |a články z novín a časopisov  |2 snkbucl  |9 267496 
773 0 |t Slovenská archivistika  |g Roč. 23, č. 1 (1988), s. 111-120 
850 |a Slovenská národná knižnica v Martine  |a MTA001 
852 |a SNK  |b KIS3GCP 
954 |a odborná, vedecká literatúra pôvodná (slovenská)  |2 lita 
958 |a NB 
958 |a RK 
958 |a OND 
958 |a EUIPO 
958 |a article7 
992 |a RBX 
999 |c 2690660  |d 2692590